| Registos Bibliográficos associados ao registo de autoridade |
|
Etiqueta de registo: 00000nam 2200025 450 001 2281131 003 http://id.bnportugal.gov.pt/bib/catbnp/2281131 100 ## $a20260317d2024 k y0pory01030103ba 101 0# $aeng$dpor 102 ## $aPT 105 ## $aa m 000yy 106 ## $ar 200 1# $aMultichannel mobile companion for personalized healthcare services$fAilton Moreira da Veiga$gsupervision of Manuel Filipe Torres Vieira dos Santos 210 #9 $a[S.l.$cs.n.],$d2024 215 ## $aXX, 197, [26] p.$cil.$d30 cm 328 #1 $aTese dout. Technology and Information Systems (Health Information Systems), Escola
de Engenharia, Universidade do Minho, 2024 675 ## $a004.42(043)$vBN$zpor$3793077 675 ## $a004.9(043)$vBN$zpor$3788403 700 #1 $aVeiga,$bAilton Moreira da$31991966 702 #1 $aSantos,$bManuel Filipe$4727$3361484 801 #0 $aPT$bBN$gRPC 966 ## $lBN$mFGMON$sP. 72473 V.$x1 971 ## $corlando$d20260317 972 ## $e0$z0$d20260408$vlrevez 973 ## $cigoulao$d20260401
|
|
|